MARC

LEADER 00000nas a2200000 a 4500
001 ssj0005018
003 WaSeSS
005 20200512172242.0
006 m d
007 cr n
008 851101d19852002ilubx p s 0 a0eng c
010 |a sf 94091841   |z sc 86003040   |z sn 85022619  
016 7 |a 010501327  |2 Uk 
022 |l 0886-7682  |y 0886-7682 
030 |a SSGRE3 
035 |a (WaSeSS)ssj0005018 
040 |a CAS  |b eng  |c CAS  |d IUL  |d NSD  |d DLC  |d NST  |d NSD  |d NST  |d NSD  |d GUA  |d DLC  |d EYM  |d NSD  |d EYM  |d OCLCQ  |d LVB  |d OCLCQ  |d UKMGB  |d OCLCF  |d OCLCO  |d PAU  |d OCLCQ  |d GILDS  |d OCLCO  |d CPO  |d OCLCQ  |d OCLCA  |d WaSeSS 
042 |a pcc  |a nsdp 
050 4 |a NC845  |b .S73 
082 1 4 |a 760  |2 11 
210 0 |a Step-by-step graph. 
222 0 |a Step-by-step graphics 
245 0 0 |a Step-by-step graphics  |h [electronic resource]. 
260 |a [Peoria, IL] :  |b [Dynamic Graphics, Inc., in association with Dynamic Graphics Educational Foundation],  |c [©1985-©2002.] 
310 |a Six no. a year 
362 0 |a Vol. 1, no. 1 (Nov./Dec. 1985)-v. 18, no. 3 (May-June 2002). 
500 |a Title from cover. 
506 |a License restrictions may limit access. 
515 |a Nov./Dec. 1985 also called "premier edition 1985." 
650 0 |a Graphic arts  |v Periodicals. 
650 0 |a Graphic methods  |v Periodicals. 
650 0 |a Computer graphics  |v Periodicals. 
650 6 |a Arts graphiques  |v Périodiques. 
650 6 |a Méthodes graphiques  |v Périodiques. 
650 6 |a Infographie  |v Périodiques. 
650 7 |a Computer graphics.  |2 fast  |0 (OCoLC)fst00872119 
650 7 |a Graphic arts.  |2 fast  |0 (OCoLC)fst00946595 
650 7 |a Graphic methods.  |2 fast  |0 (OCoLC)fst00946645 
655 0 |a Electronic journals. 
710 2 |a Dynamic Graphics Educational Foundation (Peoria, Ill.) 
785 0 0 |t Step inside design  |x 1540-2436  |w (DLC) 2002213597  |w (OCoLC)49898201 
850 |a CaOONM  |a CtY  |a DeU  |a DLC  |a GU  |a IC  |a IaAS  |a InU  |a MiU  |a MoSW-M  |a MoU  |a NSyU  |a NcRS  |a OCU  |a OrU  |a WM 
856 4 0 |z Full text available from Research Library: 05/01/1998 to 06/30/2002  |u https://search.proquest.com/publication/27346